| 000 | 00831nmc a2200277 a 4500 | ||
|---|---|---|---|
| 003 | AR-BaBNM | ||
| 005 | 20251128210606.0 | ||
| 008 | 170020s1999 ||||||||||||||000 | spa|| | ||
| 020 | _a968-853-424-2 | ||
| 040 | _cAR-BaBNM | ||
| 100 | 1 | _aCandela, Antonia | |
| 245 | 1 | 0 |
_aCiencia en el aula _blos alumnos entre la argumentación y el consenso |
| 250 | _a1ª ed. | ||
| 260 |
_aMéxico, D.F. _bPaidós _c1999 |
||
| 300 | _a299 p. | ||
| 490 | 0 |
_aPaidós educador _vv. 148 |
|
| 500 | _aContiene referencias bibliográficas p. 285-292 | ||
| 500 | _aContiene índice analítico y de nombres | ||
| 650 | 4 | _aPARTICIPACION DEL ALUMNO | |
| 650 | 4 | _aRELACION ALUMNO-DOCENTE | |
| 650 | 4 | _aROL DEL DOCENTE | |
| 653 | _aENSENANZA DE LAS CIENCIAS NATURALES | ||
| 653 | _aANALISIS DEL DISCURSO | ||
| 942 | _cBK | ||
| 998 | _cRaquel | ||
| 999 |
_c16079 _d16079 |
||